Estudio de factibilidad de una planta para producir aceite esencial de zacate de limón

Uloženo v:
Podrobná bibliografie
Hlavní autor: Sáurez Fernández, Miguel Angel
Médium: Neznámo
Vydáno: [San José, Costa Rica] 1977
Témata:
Tagy: Přidat tag
Žádné tagy, Buďte první, kdo vytvoří štítek k tomuto záznamu!

MARC

LEADER 00000 a2200000 4500
003 000901
005 20221231143736.0
008 140114s1977 c a m 000 ||s d
040 |c cru CEDI 
090 |a TFG 826 
100 |a Sáurez Fernández, Miguel Angel  |9 16259 
245 |a Estudio de factibilidad de una planta para producir aceite esencial de zacate de limón 
260 |c 1977  |a  [San José, Costa Rica] 
300 |a  181 hojas : lustraciones, cuadros, grf̀icos  
500 |a  Tesis (Ingeniero Químico) Universidad de Costa Rica.  
650 |x ESENCIAS Y ACEITES ESENCIALES - INDUSTRIA Y COMERCIO  |9 16260 
942 |c TFG 
999 |c 11115  |d 11115